000 00279nam a2200109Ia 4500
001 1259622
005 20260417140315.0
008 260417s9999 xx 000 0 und d
020 _a9799752890007
245 0 _aİki Yeşil Susamuru
_cBuket Uzuner
260 _bEverest Yayınları
999 _c1259622
_d1259622